[Event "ICS rated blitz match"]
[Site "204.178.125.65"]
[Date "1999.08.01"]
[Round "?"]
[White "populio"]
[Black "Hossa"]
[Result "0-1"]
[WhiteElo "2152"]
[BlackElo "2427"]
[PlyCount "62"]
[EventDate "1999.??.??"]

1. e4 e5 2. Nf3 Nf6 3. Nxe5 Nxe4 4. Nc3 Nxc3 5. dxc3 Qe7 6. Qe2 d6 7. Nd3 Bg4
8. f3 Be6 9. Be3 Nc6 10. Qd2 O-O-O 11. Be2 Re8 12. Kf2 Qh4+ 13. g3 Qf6 14. b4
Qf5 15. a4 Kb8 16. b5 Na5 17. Nb4 Nc4 18. Bxc4 Bxc4 19. Qd4 Qc5 20. Qd2 Qh5 21.
Qd4 Qe5 22. Qxa7+ Kc8 23. Qd4 d5 24. b6 Qxd4 25. cxd4 Bxb4 26. a5 Bc3 27. Rab1
Re6 28. bxc7 Rhe8 29. Bf4 Re2+ 30. Kg1 Bxd4+ 31. Kf1 31... Rxc2# {
populio checkmated} 0-1

[Event "ICS rated blitz match"]
[Site "204.178.125.65"]
[Date "1999.08.01"]
[Round "?"]
[White "Hossa"]
[Black "populio"]
[Result "1/2-1/2"]
[WhiteElo "2432"]
[BlackElo "2147"]
[PlyCount "113"]
[EventDate "1999.??.??"]

1. d4 g6 2. c4 Bg7 3. e4 d6 4. Nc3 e5 5. d5 Nf6 6. f3 Nh5 7. Be3 O-O 8. g4 Nf4
9. Bxf4 exf4 10. Qd2 a5 11. O-O-O a4 12. Nb5 Bd7 13. Qxf4 Bxb5 14. cxb5 a3 15.
bxa3 Rxa3 16. Kb1 f5 17. Qc1 Ra8 18. gxf5 Qf6 19. Bc4 Nd7 20. Ne2 Nb6 21. Bb3
Ra5 22. Nd4 gxf5 23. Qxc7 fxe4 24. Qxb6 Rfa8 25. fxe4 Qf2 26. Rdg1 Rxa2 27.
Bxa2 Qxa2+ 28. Kc1 Rc8+ 29. Nc6 Qb2+ 30. Kd1 Qb1+ 31. Kd2 Qb2+ 32. Ke3 Qc3+ 33.
Ke2 Qc2+ 34. Ke1 Qc1+ 35. Kf2 Rf8+ 36. Kg2 Qd2+ 37. Qf2 Qxf2+ 38. Kh3 Rf3+ 39.
Rg3 Rxg3+ 40. hxg3 Qf3 41. Rb1 bxc6 42. bxc6 Qxe4 43. Rb8+ Kf7 44. Rb7+ Kg6 45.
Kh2 Qxd5 46. Rc7 Qd2+ 47. Kh1 Be5 48. Rxh7 Kxh7 49. Kg1 Qc1+ 50. Kf2 Qxc6 51.
g4 Bf4 52. g5 Kg6 53. Ke2 Kxg5 54. Kf2 Qc3 55. Ke2 Qe3+ 56. Kf1 Bg3 57. Kg2 {
populio ran out of time and Hossa has no material to mate} 1/2-1/2

[Event "ICS rated blitz match"]
[Site "204.178.125.65"]
[Date "1999.08.01"]
[Round "?"]
[White "populio"]
[Black "Hossa"]
[Result "0-1"]
[WhiteElo "2158"]
[BlackElo "2421"]
[PlyCount "48"]
[EventDate "1999.??.??"]

1. e4 e5 2. Nf3 Nf6 3. Nxe5 Nxe4 4. Nc3 Nxc3 5. dxc3 Qe7 6. Qe2 Qe6 7. Nd3 Bd6
8. Bf4 O-O 9. Bxd6 Qxd6 10. g3 Qd5 11. Rg1 Nc6 12. Bg2 Qa5 13. a3 Nd4 14. Qd2
Re8+ 15. Kf1 Ne6 16. Re1 Qh5 17. h4 d6 18. Nf4 Qb5+ 19. Qe2 Qxb2 20. Nd5 Bd7
21. Qg4 Nd4 22. Nf6+ Kh8 23. Nxe8 Bb5+ 24. Re2 24... Qc1# {populio checkmated}
0-1

[Event "ICS rated blitz match"]
[Site "204.178.125.65"]
[Date "1999.08.01"]
[Round "?"]
[White "populio"]
[Black "Hossa"]
[Result "0-1"]
[WhiteElo "2147"]
[BlackElo "2432"]
[PlyCount "94"]
[EventDate "1999.??.??"]

1. e4 e5 2. Nf3 Nf6 3. Nxe5 Nxe4 4. Nc3 Nxc3 5. dxc3 Qe7 6. Qe2 d6 7. Nd3 Be6
8. Nf4 Nc6 9. Nxe6 Qxe6 10. Qxe6+ fxe6 11. Bc4 d5 12. Bb5 Bc5 13. O-O O-O 14.
b4 Bb6 15. a4 a5 16. Ba3 axb4 17. cxb4 Nd4 18. Bd3 Rxa4 19. c3 Nb3 20. Ra2 Rfa8
21. Bc2 Rxa3 22. Rxa3 Rxa3 23. h4 Na1 24. Bd3 Rxc3 25. Bb5 Nc2 26. g3 Rxg3+ 27.
Kh2 Rg4 28. f3 Rxb4 29. Kg3 Rxb5 30. Rc1 Nd4 31. Re1 Rb3 32. Re5 Rxf3+ 33. Kg2
Rf5 34. Re1 e5 35. Kg3 Kf7 36. Ra1 c5 37. Kh3 c4 38. Rb1 Rf6 39. Rg1 Ne6 40.
Rb1 Nf4+ 41. Kg4 Nd3 42. Rd1 Nf2+ 43. Kg3 Nxd1 44. Kh3 Bf2 45. Kg4 Rf4+ 46. Kg5
Ne3 47. h5 47... Rg4# {populio checkmated} 0-1

[Event "ICS rated blitz match"]
[Site "204.178.125.65"]
[Date "1999.08.01"]
[Round "?"]
[White "Frank"]
[Black "Hossa"]
[Result "0-1"]
[WhiteElo "2027"]
[BlackElo "2437"]
[PlyCount "22"]
[EventDate "1999.??.??"]

1. e4 e5 2. Nf3 Nf6 3. Nxe5 Nxe4 4. d4 d6 5. Nf3 d5 6. c4 Bg4 7. Nc3 Bb4 8. Qd3
Qe7 9. Be2 Bf5 10. Qe3 Nxc3 11. bxc3 11... Qxe3 {Frank resigns} 0-1

[Event "ICS rated blitz match"]
[Site "204.178.125.65"]
[Date "1999.08.01"]
[Round "?"]
[White "Hossa"]
[Black "populio"]
[Result "1-0"]
[WhiteElo "2440"]
[BlackElo "2151"]
[PlyCount "65"]
[EventDate "1999.??.??"]

1. d4 g6 2. c4 Bg7 3. e4 d6 4. Nc3 e5 5. d5 Nf6 6. f3 Nh5 7. Be3 O-O 8. g4 Nf4
9. Bxf4 exf4 10. Qd2 a5 11. O-O-O a4 12. Nb5 Bd7 13. Qxf4 Bxb5 14. cxb5 a3 15.
bxa3 Rxa3 16. Rd2 f5 17. gxf5 Qf6 18. Kd1 gxf5 19. Bc4 Qa1+ 20. Ke2 fxe4 21.
Qxe4 Qf6 22. Bd3 Qh6 23. Kd1 Qh5 24. b6 cxb6 25. Qe6+ Kh8 26. Qxd6 Na6 27. Qxa3
Nc5 28. Bb1 Bh6 29. Qb2+ Bg7 30. Qxb6 Na4 31. Qxb7 Nc3+ 32. Kc1 Bh6 33. Qxh7# {
populio checkmated} 1-0

[Event "ICS rated blitz match"]
[Site "204.178.125.65"]
[Date "1999.08.01"]
[Round "?"]
[White "Hossa"]
[Black "LambChop710"]
[Result "1-0"]
[WhiteElo "2450"]
[BlackElo "2369"]
[PlyCount "61"]
[EventDate "1999.??.??"]

1. d4 Nf6 2. c4 c5 3. d5 e6 4. Nc3 exd5 5. cxd5 d6 6. Nf3 g6 7. Nd2 Nbd7 8. e4
Bg7 9. Nc4 Qe7 10. Bd3 O-O 11. Bg5 a6 12. O-O b5 13. Ne3 c4 14. Bc2 h6 15. Bh4
b4 16. Na4 Bb7 17. Nxc4 g5 18. Bg3 Ne5 19. Ne3 Rac8 20. Nf5 Qc7 21. Rc1 Rfe8
22. f4 gxf4 23. Bxf4 h5 24. Nxg7 Kxg7 25. Qd2 Nfg4 26. h3 Qc4 27. hxg4 hxg4 28.
Bh6+ Kh8 29. Nb6 Qc5+ 30. Be3 Qa5 31. Nxc8 {LambChop710 resigns} 1-0

[Event "ICS rated blitz match"]
[Site "204.178.125.65"]
[Date "1999.08.01"]
[Round "?"]
[White "smash"]
[Black "Hossa"]
[Result "1-0"]
[WhiteElo "2146"]
[BlackElo "2462"]
[PlyCount "78"]
[EventDate "1999.??.??"]

1. d4 e6 2. c4 d5 3. Nc3 Bb4 4. a3 Bxc3+ 5. bxc3 Ne7 6. e3 O-O 7. Bd3 e5 8.
cxd5 exd4 9. cxd4 Qxd5 10. Qc2 Qxg2 11. Bxh7+ Kh8 12. Be4 Qg4 13. h3 Qe6 14.
Ne2 c5 15. Nf4 Qd6 16. dxc5 Qc7 17. Bb2 Nd7 18. Rg1 Ne5 19. Qe2 Qa5+ 20. Kf1
N5g6 21. Qh5+ Kg8 22. Bxg7 Kxg7 23. Qe5+ Kg8 24. Qxe7 Qb5+ 25. Bd3 Bxh3+ 26.
Ke1 Rfe8 27. Qf6 Qc6 28. Qxc6 bxc6 29. Nxh3 Kf8 30. Bxg6 fxg6 31. Rxg6 Rac8 32.
Rd1 Re5 33. Rd7 Rxc5 34. Nf4 Re5 35. Rgg7 Rb8 36. Ng6+ Ke8 37. Nxe5 Rb7 38.
Rxb7 Kf8 39. Ng6+ 39... Ke8 {Hossa resigns} 1-0

[Event "ICS rated blitz match"]
[Site "204.178.125.65"]
[Date "1999.08.01"]
[Round "?"]
[White "Hossa"]
[Black "smash"]
[Result "0-1"]
[WhiteElo "2434"]
[BlackElo "2174"]
[PlyCount "103"]
[EventDate "1999.??.??"]

1. d4 Nf6 2. c4 g6 3. Nc3 Bg7 4. e4 d6 5. f3 O-O 6. Be3 c5 7. dxc5 dxc5 8. Qxd8
Rxd8 9. Bxc5 Nc6 10. Be2 b6 11. Ba3 e6 12. Rd1 Ba6 13. Bd6 Ne8 14. c5 Nb4 15.
h3 Bb7 16. Be7 Nc2+ 17. Kf2 Bd4+ 18. Kg3 Rd7 19. Bg5 bxc5 20. Bh6 Rad8 21. Rc1
Be5+ 22. Kh4 Bf6+ 23. Kg4 Nd4 24. Na4 Nf5 25. exf5 Rd4+ 26. Kg3 Rxa4 27. fxe6
Nd6 28. Rxc5 fxe6 29. Bg5 Bxg5 30. Rxg5 Rxa2 31. b4 Nf5+ 32. Kh2 Rb2 33. Bc4
Kg7 34. Be2 Rxb4 35. Rg4 a5 36. Rc4 Rd2 37. Rc5 a4 38. Rc7+ Kf6 39. Rc3 Rb3 40.
Rc7 a3 41. Rc5 a2 42. Ra5 Rb1 43. Bd3 a1=Q 44. Rxa1 Rxa1 45. Bxf5 exf5 46. Kg3
f4+ 47. Kxf4 Rxg2 48. Ke3 Ke5 49. f4+ Kd5 50. Ne2 Rxh1 51. Ng1 Rhxg1 52. Kd3 {
Hossa resigns} 0-1

[Event "ICS rated blitz match"]
[Site "204.178.125.65"]
[Date "1999.08.01"]
[Round "?"]
[White "smash"]
[Black "Hossa"]
[Result "1-0"]
[WhiteElo "2200"]
[BlackElo "2408"]
[PlyCount "69"]
[EventDate "1999.??.??"]

1. d4 e6 2. c4 d5 3. Nc3 Bb4 4. a3 Bxc3+ 5. bxc3 Ne7 6. e3 O-O 7. Bd3 e5 8.
cxd5 exd4 9. cxd4 Qxd5 10. Qc2 Qxg2 11. Bxh7+ Kh8 12. Be4 Qg4 13. h3 Qe6 14.
Ne2 Nd5 15. Rg1 Nf6 16. Bg2 Qd7 17. Bb2 Rd8 18. e4 Qe7 19. d5 Kg8 20. Rd1 Na6
21. e5 Nd7 22. d6 Qf8 23. e6 fxe6 24. dxc7 Nxc7 25. Qxc7 Qe7 26. Bf3 e5 27.
Bxe5 g5 28. Qc4+ Kf8 29. Bd6 Qxd6 30. Rxd6 Re8 31. Rxg5 Ke7 32. Re6+ Kd8 33.
Rxe8+ Kxe8 34. Qe6+ Kf8 35. Rg8# {Hossa checkmated} 1-0

[Event "ICS rated blitz match"]
[Site "204.178.125.65"]
[Date "1999.08.01"]
[Round "?"]
[White "Hossa"]
[Black "smash"]
[Result "1/2-1/2"]
[WhiteElo "2383"]
[BlackElo "2225"]
[PlyCount "128"]
[EventDate "1999.??.??"]

1. d4 Nf6 2. c4 g6 3. Nc3 Bg7 4. e4 O-O 5. Bg5 d6 6. Qd2 c5 7. d5 e6 8. dxe6
fxe6 9. O-O-O Qa5 10. f3 Ne8 11. Bh6 Bxh6 12. Qxh6 b5 13. cxb5 a6 14. Nh3 Ra7
15. Ng5 Qc7 16. Bc4 Qe7 17. b6 Rb7 18. Nd5 Qg7 19. Qxg7+ Nxg7 20. Nc7 Rxb6 21.
Ngxe6 Nxe6 22. Nxe6 Bxe6 23. Bxe6+ Kg7 24. Rd2 Kf6 25. Bc4 Nd7 26. Rhd1 Ke7 27.
Bd5 Ne5 28. Rf1 h5 29. Kd1 c4 30. h3 g5 31. Kc2 g4 32. hxg4 hxg4 33. f4 Nd3 34.
g3 Rxb2+ 35. Kc3 Rxd2 36. Kxd2 Rh8 37. Bxc4 Nc5 38. Ke3 Rh3 39. Rg1 Rh2 40. f5
Rc2 41. Bd5 Nd7 42. Rb1 Rc3+ 43. Kf4 Kf6 44. Rb3 Rc2 45. Ra3 Rf2+ 46. Kxg4 Ne5+
47. Kh3 Kg5 48. g4 Kf4 49. Ra4 Nxg4 50. e5+ Kxe5 51. Kxg4 Kxd5 52. Ra5+ Ke4 53.
Kg5 d5 54. f6 d4 55. Rxa6 d3 56. Ra8 d2 57. Rd8 Ke3 58. Kg6 Ke2 59. Rxd2+ Kxd2
60. f7 Kd3 61. Kg7 Rxf7+ 62. Kxf7 Kc4 63. a4 Kb4 64. Ke6 64... Kxa4 {
Game drawn because neither player has mating material} 1/2-1/2

[Event "ICS rated blitz match"]
[Site "204.178.125.65"]
[Date "1999.08.01"]
[Round "?"]
[White "j724"]
[Black "Hossa"]
[Result "0-1"]
[WhiteElo "2127"]
[BlackElo "2393"]
[PlyCount "60"]
[EventDate "1999.??.??"]

1. d4 e6 2. Nf3 d5 3. Bf4 c5 4. e3 cxd4 5. exd4 Qb6 6. Qc1 Bd7 7. a4 Qa5+ 8. c3
Bc6 9. Ne5 Nd7 10. Nxc6 bxc6 11. b4 Qd8 12. Nd2 Qf6 13. Nf3 Qg6 14. Bg3 Ngf6
15. Ne5 Qe4+ 16. Qe3 Bd6 17. Bd3 Qxe3+ 18. fxe3 Bxe5 19. dxe5 Ng4 20. b5 Ngxe5
21. Be2 Rc8 22. O-O O-O 23. Rfc1 f6 24. e4 dxe4 25. c4 f5 26. Bf2 c5 27. a5 Nd3
28. Bxd3 exd3 29. Rc3 Ne5 30. Re1 30... Rfd8 {j724 resigns} 0-1

[Event "ICS rated blitz match"]
[Site "204.178.125.65"]
[Date "1999.08.01"]
[Round "?"]
[White "MissSilicon"]
[Black "Hossa"]
[Result "1-0"]
[WhiteElo "2633"]
[BlackElo "2399"]
[PlyCount "70"]
[EventDate "1999.??.??"]

1. e4 e5 2. f4 exf4 3. Nf3 Bb4 4. Bc4 Qe7 5. Qe2 f5 6. e5 Ba5 7. Nc3 Nc6 8. a3
Qd8 9. d4 g5 10. Qd3 g4 11. Qxf5 d5 12. Qh5+ Kf8 13. Ng5 Qe8 14. Nxh7+ Rxh7 15.
Qxh7 dxc4 16. O-O f3 17. Be3 Bb6 18. gxf3 g3 19. Rad1 gxh2+ 20. Kxh2 Qe6 21.
Rg1 Nce7 22. Rg2 Bd7 23. Rdg1 Qh3+ 24. Qxh3 Bxh3 25. Kxh3 Rd8 26. Rg4 a6 27.
Ne4 Rxd4 28. Rf4+ Ke8 29. Bxd4 Bxd4 30. Nf6+ Nxf6 31. Rxd4 Nd7 32. Rxc4 Nxe5
33. Rxc7 b6 34. Rb7 b5 35. Re1 35... N5c6 {Hossa resigns} 1-0

[Event "ICS rated blitz match"]
[Site "204.178.125.65"]
[Date "1999.08.01"]
[Round "?"]
[White "Hossa"]
[Black "Zenith"]
[Result "1/2-1/2"]
[WhiteElo "2392"]
[BlackElo "2817"]
[Annotator "Fritz 5.32 (19s)"]
[PlyCount "119"]
[EventDate "1999.??.??"]

1. d4 Nf6 2. c4 e6 3. Nc3 Bb4 4. Bg5 h6 5. Bh4 c5 6. d5 Bxc3+ (6... b5 7. e4 g5
8. Bg3 Nxe4 9. Be5 O-O 10. Qh5 d6 11. Bd3 Nxc3 12. Qxh6 Ne4+ 13. Kf1 dxe5 14.
Bxe4 f5 15. Qg6+ Kh8 16. Qh6+ Kg8 17. Qg6+ Kh8 18. h4 g4 19. Qh6+ Kg8 20. Qg6+
{- Yermolinsky,A-Shabalov,A/ch-USA, Parsippany (3) 1996 (20)}) 7. bxc3 d6 8.
Qa4+ $146 (8. f3 Qe7 9. e4 e5 (9... Nbd7 10. Be2 Nf8 11. Bg3 e5 12. Bd3 g5 13.
Qc2 Ng6 14. Ne2 Nh5 15. O-O-O Bd7 16. Kb1 O-O-O 17. Ka1 Kb8 18. Rb1 Nhf4 19.
Bxf4 exf4 20. g3 Qf6 21. Rhf1 Rhf8 22. Nc1 Ne5 23. g4 h5 24. h3 {
Kanep,M-Bar,R/Eu Y Ch b14, Rimavska Sobota (3) 1996/0-1 (41)}) 10. Bd3 Nbd7 11.
Ne2 Nf8 12. Bf2 h5 13. h4 Ng6 14. Qd2 Bd7 15. Be3 Nh7 16. Ng3 Nxh4 17. Nxh5
O-O-O 18. Qf2 Nf6 19. Nxg7 Nxf3+ 20. Ke2 Nh2 21. Nf5 Qf8 22. Nxd6+ 22... Qxd6 {
Garcia Palermo,C-Giaccio,A/Clarin GP Final, Villa Gisell ARG 1998/0-1 (40)}) (
8. Nf3 e5 9. Nd2 Nbd7 10. Qc2 Qe7 11. e3 e4 12. Be2 g5 13. Bg3 Nf8 14. f3 Bf5
15. O-O-O N8d7 16. h4 O-O-O 17. fxe4 Bxe4 18. Bd3 Bxd3 19. Qxd3 Kc7 20. Rhf1
Ng4 21. Qe4 Nde5 22. Bxe5 22... Nxe5 {
Fernandez,M-Servat,R/Najdorf Open (3) 1995/0-1 (41)}) 8... Bd7 9. Qb3 b6 10. e3
O-O 11. Nf3 Na6 12. Bd3 Nc7 13. e4 13... b5 {
Greift die Basis der Bauernkette an} 14. O-O $17 (14. cxb5 $5 $142 {
ist vielleicht staerker} 14... exd5 15. exd5 $14) 14... g5 15. dxe6 $17 (15.
Nxg5 $5 15... bxc4 16. Bxc4 $15) 15... Bxe6 (15... fxe6 16. Bg3 bxc4 17. Bxc4 (
17. Qxc4 $4 17... Bb5 18. Qb3 18... Bxd3 $19) 17... Nxe4 18. Qc2 $11) 16. Bxg5
hxg5 17. Nxg5 bxc4 18. Bxc4 Qb8 (18... Rb8 19. Nxe6 fxe6 20. Qc2 $17) 19. Nxe6
Qxb3 (19... fxe6 $6 20. Bxe6+ Kh8 21. Rae1 $14) 20. axb3 fxe6 (20... Nxe6 $6
21. f3 $11) 21. Rae1 $19 (21. e5 d5 22. Bd3 22... Ng4 $17) 21... Rab8 22. e5 d5
23. exf6 dxc4 24. Re5 24... Rxf6 $17 (24... cxb3 25. Rg5+ Kf7 26. Rg7+ Kxf6 27.
Rxc7 $19) 25. Rxc5 Nd5 26. b4 $19 (26. bxc4 Nxc3 27. Ra1 27... Ne4 $17) 26...
Nxc3 27. Rxc4 Ne2+ 28. Kh1 Nf4 29. f3 (29. Rb1 29... Rf7 $19) 29... Nd5 30. Rb1
Rb5 31. Ra1 Rf7 ({Schlechter scheint} 31... Rxb4 32. Rxb4 Nxb4 33. Rxa7 $17)
32. Rc8+ Kg7 33. Ra8 Rbb7 34. b5 Nc3 35. Re8 Kf6 36. Ra6 Rfe7 37. Rxe7 Kxe7 (
37... Rxe7 $6 38. b6 axb6 39. Rxb6 $17) 38. h4 Nxb5 39. g4 Nd4 40. Kg2 Kf6 41.
Ra4 Ke5 (41... Rb2+ 42. Kg3 Ne2+ 43. Kh3 $19) 42. g5 Rb2+ 43. Kg3 Nf5+ 44. Kg4
Rg2+ 45. Kh5 Rh2 46. f4+ Kd5 47. g6 Rxh4+ 48. Kg5 Rh1 49. Kf6 Rf1 50. Rxa7 Rxf4
51. Rd7+ Ke4 52. Kxe6 Rg4 53. Kf6 Ng3 54. Re7+ Kf3 55. Re5 Ne4+ 56. Rxe4 Rxe4
57. g7 Rg4 58. Kf7 Ke2 59. g8=Q Rxg8 60. Kxg8 1/2-1/2

[Event "ICS rated blitz match"]
[Site "204.178.125.65"]
[Date "1999.08.01"]
[Round "?"]
[White "Zenith"]
[Black "Hossa"]
[Result "1-0"]
[WhiteElo "2804"]
[BlackElo "2405"]
[PlyCount "66"]
[EventDate "1999.??.??"]

1. e4 e5 2. Nf3 Nf6 3. Nxe5 Nxe4 4. Qe2 d5 5. d3 Qe7 6. dxe4 Qxe5 7. exd5 Bd6
8. Qxe5+ Bxe5 9. Bd3 O-O 10. O-O Re8 11. Nd2 Bg4 12. h3 Bh5 13. Re1 Bh2+ 14.
Kf1 Rxe1+ 15. Kxe1 Be5 16. Nb3 c6 17. f4 Bd6 18. dxc6 Nxc6 19. g4 a5 20. a4 Bg6
21. f5 Re8+ 22. Kf2 Bxf5 23. Bxf5 Bc7 24. Bd2 h5 25. gxh5 Re5 26. Bc8 Bb6+ 27.
Kf3 Nd8 28. h6 gxh6 29. Bxh6 Rh5 30. Bd2 f6 31. Re1 Rd5 32. Bf4 Rh5 33. Bg4
33... Rh7 {Hossa resigns} 1-0

[Event "ICS rated blitz match"]
[Site "204.178.125.65"]
[Date "1999.08.01"]
[Round "?"]
[White "Hossa"]
[Black "Zenith"]
[Result "0-1"]
[WhiteElo "2402"]
[BlackElo "2807"]
[PlyCount "99"]
[EventDate "1999.??.??"]

1. d4 Nf6 2. c4 e6 3. Nc3 Bb4 4. Bg5 c5 5. d5 d6 6. Qc2 O-O 7. e4 Re8 8. Bd3
exd5 9. cxd5 Qe7 10. Bxf6 Qxf6 11. Nge2 Nd7 12. O-O Ne5 13. a3 Ba5 14. Qa4 Qd8
15. Bb5 Re7 16. Nf4 f5 17. b4 Bc7 18. bxc5 dxc5 19. f3 Nf7 20. Nfe2 Nd6 21.
Rad1 a6 22. Bd3 Bd7 23. Qb3 b5 24. Bc2 Bb6 25. Kh1 a5 26. Ng3 b4 27. axb4 axb4
28. Nce2 Bb5 29. Qe3 Ra2 30. Bb1 Rb2 31. Rfe1 c4 32. Qc1 c3 33. Nd4 Bxd4 34.
Rxd4 Qb6 35. Red1 Ba4 36. R1d3 Qc5 37. e5 c2 38. Bxc2 Rxc2 39. Qg1 Rc1 40. Nf1
Rxe5 41. h3 Ree1 42. Kh2 Nc4 43. Rf4 Qxg1+ 44. Kxg1 Rxf1+ 45. Kh2 b3 46. d6 b2
47. d7 Bxd7 48. Rb3 Rf2 49. Rb8+ Kf7 50. Rxc4 {Hossa resigns} 0-1

[Event "ICS rated blitz match"]
[Site "204.178.125.65"]
[Date "1999.08.01"]
[Round "?"]
[White "jyrkip"]
[Black "Hossa"]
[Result "0-1"]
[WhiteElo "2104"]
[BlackElo "2403"]
[PlyCount "32"]
[EventDate "1999.??.??"]

1. e4 e5 2. Nf3 Nf6 3. Nxe5 Nxe4 4. Qe2 d5 5. d3 Qe7 6. dxe4 Qxe5 7. exd5 Bd6
8. Nc3 O-O 9. Be3 Bb4 10. Qd3 c6 11. dxc6 Nxc6 12. O-O-O Be6 13. Nd5 Rad8 14.
c4 b5 15. Kb1 Bf5 16. Nxb4 16... Nxb4 {jyrkip resigns} 0-1

[Event "ICS rated blitz match"]
[Site "204.178.125.65"]
[Date "1999.08.01"]
[Round "?"]
[White "Volcom"]
[Black "Hossa"]
[Result "0-1"]
[WhiteElo "2121"]
[BlackElo "2408"]
[PlyCount "34"]
[EventDate "1999.??.??"]

1. e4 e5 2. Nf3 Nf6 3. Nxe5 Nxe4 4. d4 d6 5. Nf3 d5 6. Bd3 Be7 7. Qe2 Bf5 8.
Bf4 O-O 9. Nbd2 Nxd2 10. Nxd2 Bxd3 11. Qxd3 c5 12. dxc5 Na6 13. Nb3 Bxc5 14.
O-O Nb4 15. Qc3 Be7 16. a3 Rc8 17. Qd3 17... Nxd3 {Volcom resigns} 0-1

[Event "ICS rated blitz match"]
[Site "204.178.125.65"]
[Date "1999.08.01"]
[Round "?"]
[White "Hossa"]
[Black "libertad"]
[Result "1-0"]
[WhiteElo "2409"]
[BlackElo "2342"]
[PlyCount "46"]
[EventDate "1999.??.??"]

1. d4 d5 2. c4 dxc4 3. e4 e5 4. Nf3 Bb4+ 5. Bd2 Bxd2+ 6. Nbxd2 exd4 7. Bxc4 Nc6
8. O-O Qf6 9. e5 Qg6 10. Bb5 Bg4 11. Qa4 Nge7 12. Qxd4 O-O 13. Qf4 Nd5 14. Qg3
Nce7 15. Bd3 Nf5 16. Bxf5 Bxf5 17. Qxg6 Bxg6 18. Rac1 Rad8 19. Nb3 b6 20. Nbd4
c5 21. Nc6 Rd7 22. Rfd1 Rc8 23. Rxd5 23... Rxd5 {libertad resigns} 1-0

[Event "ICS rated blitz match"]
[Site "204.178.125.65"]
[Date "1999.08.01"]
[Round "?"]
[White "amateur-58"]
[Black "Hossa"]
[Result "0-1"]
[WhiteElo "2030"]
[BlackElo "2422"]
[PlyCount "36"]
[EventDate "1999.??.??"]

1. d4 e6 2. c4 d5 3. Nc3 Bb4 4. Nf3 Ne7 5. Qb3 c5 6. e3 cxd4 7. Qxb4 Nbc6 8.
Qa4 dxc3 9. bxc3 O-O 10. Be2 Bd7 11. Qc2 Qe8 12. O-O Rd8 13. Ba3 f6 14. Rab1
Bc8 15. e4 dxe4 16. Qxe4 e5 17. Rfd1 Bf5 18. Rxd8 18... Nxd8 {
amateur-58 resigns} 0-1

[Event "ICS rated blitz match"]
[Site "204.178.125.65"]
[Date "1999.08.01"]
[Round "?"]
[White "Hossa"]
[Black "oncegood"]
[Result "1-0"]
[WhiteElo "2425"]
[BlackElo "2188"]
[PlyCount "31"]
[EventDate "1999.??.??"]

1. d4 Nf6 2. c4 c5 3. d5 b5 4. cxb5 a6 5. f3 axb5 6. e4 d6 7. Bxb5+ Bd7 8. Bc4
g6 9. Nc3 Bg7 10. f4 O-O 11. Nge2 Ng4 12. O-O Na6 13. h3 Nh6 14. Be3 Nc7 15. f5
gxf5 16. Qd2 {oncegood resigns} 1-0

[Event "ICS rated blitz match"]
[Site "204.178.125.65"]
[Date "1999.08.01"]
[Round "?"]
[White "sergor"]
[Black "Hossa"]
[Result "0-1"]
[WhiteElo "2328"]
[BlackElo "2432"]
[PlyCount "103"]
[EventDate "1999.??.??"]

1. d4 e6 2. c4 d5 3. Nc3 Bb4 4. Qa4+ Nc6 5. Nf3 Nge7 6. Bg5 O-O 7. e3 f6 8. Bh4
e5 9. cxd5 Nxd5 10. Bc4 exd4 11. O-O dxc3 12. bxc3 Bxc3 13. Rad1 Nce7 14. e4
Bg4 15. exd5 Ng6 16. Bg3 Bxf3 17. gxf3 Ne5 18. Be2 Qd6 19. f4 Ng6 20. Rc1 Bd2
21. Rc2 Bxf4 22. Rb1 Rfb8 23. Qc4 Be5 24. Rbc1 Nf4 25. Bf3 Rd8 26. Qb3 Qb6 27.
Qa4 Nd3 28. Rf1 Rd6 29. Qe4 Bxg3 30. hxg3 Ne5 31. Bg2 c6 32. dxc6 bxc6 33. Rfc1
Rad8 34. Kh2 Rd2 35. Rf1 R8d3 36. Rxd2 Rxd2 37. f4 Qe3 38. Qxe3 Ng4+ 39. Kh3
Nxe3 40. Rg1 c5 41. Bf3 Rxa2 42. Re1 Ra3 43. Rb1 Nf5 44. Bd5+ Kf8 45. Rb7 Rxg3+
46. Kh2 Rg4 47. Rxa7 Rxf4 48. Rc7 Ne7 49. Bb3 Rf5 50. Rb7 g6 51. Rb8+ Kg7 52.
Rb7 {sergor resigns} 0-1

[Event "ICS rated blitz match"]
[Site "204.178.125.65"]
[Date "1999.08.01"]
[Round "?"]
[White "Hossa"]
[Black "sergor"]
[Result "1/2-1/2"]
[WhiteElo "2443"]
[BlackElo "2317"]
[Annotator "Fritz 5.32 (19s)"]
[PlyCount "205"]
[EventDate "1999.??.??"]

1. d4 1... Nf6 {Opening = E30 - 4.Bg5(h6 5.Bh4 c5 6.d5 ---)} 2. c4 e6 3. Nc3
Bb4 4. Bg5 h6 5. Bh4 c5 6. d5 Bxc3+ (6... b5 7. e4 g5 8. Bg3 Nxe4 9. Be5 O-O
10. Qh5 d6 11. Bd3 Nxc3 12. Qxh6 Ne4+ 13. Kf1 dxe5 14. Bxe4 f5 15. Qg6+ Kh8 16.
Qh6+ Kg8 17. Qg6+ Kh8 18. h4 g4 19. Qh6+ Kg8 20. Qg6+ {
- Yermolinsky,A-Shabalov,A/ch-USA, Parsippany (3) 1996 (20)}) 7. bxc3 d6 8.
Qa4+ $146 (8. f3 Qe7 9. e4 e5 (9... Nbd7 10. Be2 Nf8 11. Bg3 e5 12. Bd3 g5 13.
Qc2 Ng6 14. Ne2 Nh5 15. O-O-O Bd7 16. Kb1 O-O-O 17. Ka1 Kb8 18. Rb1 Nhf4 19.
Bxf4 exf4 20. g3 Qf6 21. Rhf1 Rhf8 22. Nc1 Ne5 23. g4 h5 24. h3 {
Kanep,M-Bar,R/Eu Y Ch b14, Rimavska Sobota (3) 1996/0-1 (41)}) 10. Bd3 Nbd7 11.
Ne2 Nf8 12. Bf2 h5 13. h4 Ng6 14. Qd2 Bd7 15. Be3 Nh7 16. Ng3 Nxh4 17. Nxh5
O-O-O 18. Qf2 Nf6 19. Nxg7 Nxf3+ 20. Ke2 Nh2 21. Nf5 Qf8 22. Nxd6+ 22... Qxd6 {
Garcia Palermo,C-Giaccio,A/Clarin GP Final, Villa Gisell ARG 1998/0-1 (40)}) (
8. Nf3 e5 9. Nd2 Nbd7 10. Qc2 Qe7 11. e3 e4 12. Be2 g5 13. Bg3 Nf8 14. f3 Bf5
15. O-O-O N8d7 16. h4 O-O-O 17. fxe4 Bxe4 18. Bd3 Bxd3 19. Qxd3 Kc7 20. Rhf1
Ng4 21. Qe4 Nde5 22. Bxe5 22... Nxe5 {
Fernandez,M-Servat,R/Najdorf Open (3) 1995/0-1 (41)}) 8... Nbd7 9. O-O-O e5 10.
f3 Qc7 11. Bxf6 gxf6 12. e4 a6 13. Kd2 Ke7 14. Rb1 f5 15. exf5 Nf6 16. Bd3 Bd7
17. Qc2 b5 18. f4 bxc4 19. fxe5 dxe5 20. Bxc4 e4 21. Ne2 Bxf5 22. Ke1 Rhb8 23.
Rd1 Rd8 24. Qc1 Qe5 25. Qe3 Rac8 26. Bxa6 Nxd5 27. Qg3 Qxg3+ 28. Nxg3 Bg4 29.
Ra1 Ra8 30. Bb7 Ra3 31. Nxe4 Nxc3 32. Nxc5 Kd6 33. Nb3 Rb8 34. Nd2 Ke7 35. h3
Be6 36. Bf3 Rb2 37. g4 Raxa2 38. Rxa2 Rxa2 39. Rg1 Nd5 40. Bxd5 Bxd5 41. Rg3
Kf6 42. Rc3 Ke5 43. Rd3 Ra1+ 44. Ke2 Rh1 45. Kf2 Ra1 46. Nf3+ Bxf3 47. Rxf3 f6
48. Rf5+ Ke6 49. Rh5 Kf7 50. Rxh6 Kg7 51. Rh5 Kg6 52. Rf5 Ra3 53. h4 Rb3 54.
h5+ Kg7 55. Rf3 Rb1 56. Kg3 Ra1 57. Re3 Ra7 58. Kh4 Rb7 59. Re1 Ra7 60. Rc1 Rb7
61. Rc5 Ra7 62. Kg3 Rb7 63. Kf4 Ra7 64. Kf5 Rb7 65. Rd5 Ra7 66. Ke6 Ra4 67.
Rd7+ Kh6 68. Kf5 Ra5+ 69. Kf4 Ra4+ 70. Kg3 f5 71. Rd6+ Kh7 72. gxf5 Kg7 73.
Rg6+ Kh7 74. f6 Ra3+ 75. Kf4 Ra4+ 76. Ke5 Ra5+ 77. Ke6 Ra6+ 78. Kd5 Ra5+ 79.
Ke4 Ra4+ 80. Kf5 Ra5+ 81. Kg4 Ra4+ 82. Kg5 Ra5+ 83. Kh4 Rf5 84. Kg4 Rf1 85. Kg5
Rf2 86. Rg7+ Kh8 87. Re7 Kg8 88. h6 Rg2+ 89. Kf5 Rf2+ 90. Ke5 Re2+ 91. Kd4 Rf2
92. Rg7+ Kh8 93. f7 Rd2+ 94. Ke5 Rd5+ 95. Kf6 Rf5+ 96. Ke7 Re5+ 97. Kd7 Rd5+
98. Kc8 Rc5+ 99. Kd8 Rd5+ 100. Ke8 Re5+ 101. Kd7 Rd5+ 102. Ke7 Re5+ 103. Kd7
1/2-1/2

[Event "ICS rated blitz match"]
[Site "204.178.125.65"]
[Date "1999.08.01"]
[Round "?"]
[White "Hossa"]
[Black "brutus"]
[Result "1-0"]
[WhiteElo "2441"]
[BlackElo "2072"]
[PlyCount "45"]
[EventDate "1999.??.??"]

1. d4 Nf6 2. c4 g6 3. Nc3 d5 4. cxd5 Nxd5 5. e4 Nxc3 6. bxc3 Bg7 7. Bb5+ Bd7 8.
Qb3 O-O 9. Bxd7 Qxd7 10. Qxb7 Nc6 11. Qb2 Rab8 12. Qd2 Qg4 13. f3 Qd7 14. Ne2
Na5 15. O-O Nc4 16. Qd3 Qa4 17. f4 e6 18. Qh3 c5 19. dxc5 Rfc8 20. Be3 Qc2 21.
Qf3 Bxc3 22. Rfc1 Nxe3 23. Rxc2 {brutus resigns} 1-0